00507nam a2200193 a 4500001001300000003000900013005001700022008004100039020001000080082001600090100002800106245001200134260003200146300000900178500003500187505004100222650002200263700002800285nice12345678IN_TiNIC20260116011516.0050524s0000 boma grp 000 0 ara  ac10000a892.73bHAM aHamdani Al, Badiuzzaman aMuqamat aBombaybNo Publishersc0000 a102p aincludes index and biblioraphy2 a12 Volumes in Bounded in Six Volumes aArabic-Literature1 aHamdani Al, Badiuzzaman